Babicovy dobroty : 78 receptů, triků a vychytávek, které v televizi určitě neuvidíte /

Hlavní autor: Babica, Jiří, 1961-
Další autoři: Siba, Stefan
Jazyk: Čeština
Vydáno: Praha : Eminent, 2011
Témata:
Externí odkaz: Digitalizovaný dokument
Fyzický popis: 187 s. : barev. il., portréty ; 21 x 22 cm
Knihy
Uloženo v:
LEADER 01467cam a2200385 a 4500
001 nkc20112251338
003 CZ PrNK
005 20170215235012.0
007 ta
008 110921s2011 xr a e f 001 0 cze d
015 |a cnb002251338 
020 |a 978-80-7281-430-5  |q (váz.) 
035 |a (OCoLC)794207513 
040 |a TAG001  |b cze  |d ULG001  |d ABA001 
072 7 |a 641  |x Kuchařství. Potraviny. Vařená jídla  |2 Konspekt  |9 19 
080 |a 641.55  |2 MRF 
080 |a (083.12)  |2 MRF 
100 1 |a Babica, Jiří,  |d 1961-  |7 js20090728007  |4 aut 
245 1 0 |a Babicovy dobroty :  |b 78 receptů, triků a vychytávek, které v televizi určitě neuvidíte /  |c [Jiří Babica ; foto Stefan Siba] 
260 |a Praha :  |b Eminent,  |c 2011 
300 |a 187 s. :  |b barev. il., portréty ;  |c 21 x 22 cm 
500 |a Vydáno ve spolupráci s Manufacture Production - Jan Lacina 
500 |a Obsahuje rejstřík 
650 0 7 |a jídla  |7 ph114847  |2 czenas 
650 0 9 |a meals  |2 eczenas 
655 7 |a kuchařské recepty  |7 fd132687  |2 czenas 
655 9 |a cookbooks  |2 eczenas 
700 1 |a Siba, Stefan  |7 xx0107158  |4 pht 
856 4 1 |u http://www.digitalniknihovna.cz/mzk/uuid/uuid:d48f7160-d71e-11e6-8010-005056827e51  |y Digitalizovaný dokument  |x NDK 
910 2 |a BOA001  |b 2-1280.671 
928 9 |a Manufacture Production 
990 |a BK 
995 |a 01 
991 |b 201206  |c NOV  |e n 
996 6 |b 2610511311  |c 2-1280.671  |l MZK  |r Sklad / do 1 hodiny  |n 1  |p p.v.  |w 001249822  |u 000010  |a 1  |e BOA001  |j MZK50  |s P